15 plus grandes Villes de Tunisie - Statistiques

Statistiques générales
  • Ce quiz a été pris 2 130 fois
  • Le résultat moyen est 8 sur 15
Statistiques - réponses
Hint Réponse % Correct
728 453 Tunis
100%
173 047 Sousse
88%
265 131 Sfax
85%
114 371 Bizerte
66%
71 546 Monastir
64%
117 926 Gabès
58%
117 903 Kairouan
51%
59 346 Tataouine
49%
56 387 Nabeul
48%
84 676 Gafsa
40%
56 677 Béja
36%
97 687 Ariana
32%
74 932 Ben Arous
22%
76 243 Kasserine
22%
61 705 Médenine
22%
Aucun quiz correspondant
Distribution des résultats
% des personnes avec chaque résultat
Percentile par nombre de réponses
Votre historique - résultats
Vous n’avez pas pris ce quiz